| 000 | 00868nam0a22002651 4500 | ||
|---|---|---|---|
| 001 | rc\3434235 | ||
| 005 | 20250610003446.0 | ||
| 021 |
_aRU _b[70-83713] |
||
| 035 | _a(NLR Aleph) 007587396 | ||
| 090 |
_a5573902 _c5573902 |
||
| 100 | _a20130115d1970 |||y0rusy50 ca | ||
| 101 | 0 | _arus | |
| 102 | _aRU | ||
| 105 | _ay z ||||| | ||
| 200 | 1 | _aЭффект бережливости | |
| 210 |
_aИжевск _cУдмуртия _d1970 |
||
| 215 |
_a33 с. _d20 |
||
| 300 | _aПеред загл. авт.: Р.В. Гаврилов, канд. экон. наук | ||
| 606 |
_aЭкономия и бережливость в народном хозяйстве СССР _2psbo |
||
| 700 | 1 |
_aГаврилов _bР.В. _gРудольф Васильевич |
|
| 801 | 0 |
_aRU _bNLR _gpsbo |
|
| 801 | 1 |
_aRU _bELAR _2rusmarc |
|
| 852 |
_aNLR _j70-4/25606 |
||
| 942 | _cBOOK | ||
| 980 | _aNB | ||